00824nam a2200229 a 4500001000800000005001700008008004100025040001800066050001900084100002300103245005900126260004200185300002300227600005600250610006000306651004400366653002600410700003600436942001100472999001100483952010000494BRCA_7320190320202854.0880525s1986 cu-a---###---#000-0#spa-# aDLCcDLCdDLC 4aAM7b.P47 19861 aPérez, Gema931610aMuseo NapoleónicocGema Pérez y Natalia Lavastida. aLa Habana, CubabLetras Cubanasc1986 a79 p.bil.c20 cm.14aNapoleónbIcEmperador de Franciad1769-1821931724aMuseo NapoleónicovCatálogoszLa Habana (Cuba)9318 4aVilla FlorentinazLa Habana (Cuba)93190 aBonaparte, Napoleón1 aLavastida, Nataliaecoaut.9320 2lcccB c70d70 00104070aBRCAbBRCAd2008-06-25l0oAM7 .P47 1986p00068r2019-03-22 00:00:00w2019-03-22yB